Pohon automobilov na stlačený zemný plyn

Z obsahu: Pohon motorových vozidiel na stlačený zemný plyn je podnetnou alternatívou. Medzi prednosťami CNG dominuje cena a ekológia. SPP našiel perspektívny zdroj odbytu zemného plynu. Vývoj prestavieb motorových vozidiel na CNG speje k záveru. V SAD Nitra chcú zemný plyn, no potrebujú podporu. Pož...

Celý popis

Uložené v:
Podrobná bibliografia
Hlavný autor: Prosnan, Jozef
Médium: Kapitola
Jazyk:Slovak
Predmet:
Tagy: Pridať tag
Žiadne tagy, Buďte prvý, kto otaguje tento záznam!

MARC

LEADER 00000naa a2200000 4500
001 r038414
005 20230921110027.2
041 0 |a slo 
044 |a SK 
245 1 0 |a Pohon automobilov na stlačený zemný plyn  |c Jozef Prosnan 
520 |a Z obsahu: Pohon motorových vozidiel na stlačený zemný plyn je podnetnou alternatívou. Medzi prednosťami CNG dominuje cena a ekológia. SPP našiel perspektívny zdroj odbytu zemného plynu. Vývoj prestavieb motorových vozidiel na CNG speje k záveru. V SAD Nitra chcú zemný plyn, no potrebujú podporu. Požiadavky spĺňa len jedna plniaca stanica. 
610 2 0 |a automobily 
610 2 0 |a automobily nákladné 
610 2 0 |a automobily osobné 
610 2 0 |a plyn zemný 
610 2 0 |a ceny 
610 2 0 |a ekológia 
610 2 0 |a Slovensko 
100 1 |a Prosnan, Jozef